| 000 | 00532nam a22001577a 4500 | ||
|---|---|---|---|
| 040 | _cNUST | ||
| 082 | _a200 | ||
| 100 |
_aSobia Khalid _972854 |
||
| 110 |
_aSupervisor: Dr. Shoab Ahmed Khan _9111783 |
||
| 245 |
_aA Framework for Mapping Crime Data on Sociological Hypotheses/ _cSobia Khalid |
||
| 260 |
_aRawalpindi: _bNUST COLLEGE OF EME, _c2023. |
||
| 300 |
_a166,p; _bill; _c30,cm. |
||
| 650 |
_aPhD-Computer Software Engineering _9124478 |
||
| 856 | _u http://10.250.8.41:8080/xmlui/handle/123456789/35036 | ||
| 942 |
_2ddc _cSC |
||
| 999 |
_c594459 _d594459 |
||